ՀՀ Գիտությունների ազգային ակադեմիայի հիմնարար գիտական գրադարան  =   Fundamental Scientific Library of NAS RA

Православна Далмациjа : (Record no. 528865)

MARC details
000 -LEADER
fixed length control field 00900nam a2200253 a 4500
001 - CONTROL NUMBER
control field 1927220
003 - CONTROL NUMBER IDENTIFIER
control field AM-YEHGA
005 - DATE AND TIME OF LATEST TRANSACTION
control field 20250617164732.0
008 - FIXED-LENGTH DATA ELEMENTS--GENERAL INFORMATION
fixed length control field 231025s1989 rb ||||gr|||||||||0|srp|d
020 ## - INTERNATIONAL STANDARD BOOK NUMBER
International Standard Book Number 868127726X
040 ## - CATALOGING SOURCE
Original cataloging agency AM-YeHGA
041 0# - LANGUAGE CODE
Language code of text/sound track or separate title srp
090 ## - LOCALLY ASSIGNED LC-TYPE CALL NUMBER (OCLC); LOCAL CALL NUMBER (RLIN)
-- 567170
100 0# - MAIN ENTRY--PERSONAL NAME
Personal name Никодим
Titles and words associated with a name Милаш, Николай Трифонович
-- еп. Далматинский
245 10 - TITLE STATEMENT
Title Православна Далмациjа :
Remainder of title Историјски преглед /
Statement of responsibility, etc. Епископ Никодим Милаш ; Предговор Предраг Драгиић-Кијyк.
260 ## - PUBLICATION, DISTRIBUTION, ETC.
Place of publication, distribution, etc. Беoград :
Name of publisher, distributor, etc. Сфаирос,
Date of publication, distribution, etc. 1989.
300 ## - PHYSICAL DESCRIPTION
Extent 574 p.
440 #0 - SERIES STATEMENT/ADDED ENTRY--TITLE
Title Повесна сфера
Volume/sequential designation 1
504 ## - BIBLIOGRAPHY, ETC. NOTE
Bibliography, etc. note Bibliogr.: p. 573-574
650 14 - SUBJECT ADDED ENTRY--TOPICAL TERM
Topical term or geographic name entry element Orthodoxy
650 14 - SUBJECT ADDED ENTRY--TOPICAL TERM
Topical term or geographic name entry element Serbian orthodox church
Geographic subdivision Dalmatia (Croatia)
651 #4 - SUBJECT ADDED ENTRY--GEOGRAPHIC NAME
Geographic name Dalmatia (Croatia)
942 ## - ADDED ENTRY ELEMENTS (KOHA)
Source of classification or shelving scheme Universal Decimal Classification
Koha item type Գրքեր / Books
Holdings
Withdrawn status Lost status Damaged status Not for loan Collection Home library Current library Date acquired Total checkouts Full call number Barcode Date last seen Price effective from Koha item type Public note
        General Fundamental Scientific Library Fundamental Scientific Library 25/10/2023   И II/117904 FL0672923 25/10/2023 25/10/2023 Գրքեր / Books 30 Days Loan


ՀՀ ԳԱԱ հիմնարար գիտական գրադարան
ՀՀ,Երևան 0019
Մարշալ Բաղրամյան 24/6
հեռախոս:(374-10) 52-47-50
Հետադարձ կապ

All site content, except where otherwise noted, is licensed under a
Creative Commons License